Sanskritgyannidhi (H) (Record no. 9381)

MARC details
000 -LEADER
fixed length control field 00517cam a2200193ua 4500
008 - FIXED-LENGTH DATA ELEMENTS--GENERAL INFORMATION
fixed length control field 190403n ii |||gr||||Z||||||hin
020 ## - INTERNATIONAL STANDARD BOOK NUMBER
International Standard Book Number 9788120828797
040 ## - CATALOGING SOURCE
Transcribing agency MAIN
041 ## - LANGUAGE CODE
-- hin
082 ## - DEWEY DECIMAL CLASSIFICATION NUMBER
Classification number 491.2
100 ## - MAIN ENTRY--PERSONAL NAME
Personal name Dhruba Kumari Chaudhury,
Relator term
245 ## - TITLE STATEMENT
Title Sanskritgyannidhi (H)
Statement of responsibility, etc. By Rambilash Chaudhury
250 ## - EDITION STATEMENT
Edition statement 1st ed.
260 ## - PUBLICATION, DISTRIBUTION, ETC.
Place of publication, distribution, etc. Delhi:
Name of publisher, distributor, etc. Motilal Benarasidas,
Date of publication, distribution, etc. 2016.
700 ## - ADDED ENTRY--PERSONAL NAME
Personal name Rambilash Chaudhury,
Relator term
942 ## - ADDED ENTRY ELEMENTS (KOHA)
Koha item type Books
653 ## - INDEX TERM--UNCONTROLLED
Uncontrolled term Sanskrit language, grammar etc.
Holdings
Withdrawn status Lost status Damaged status Not for loan Home library Current library Shelving location Date acquired Total Checkouts Full call number Barcode Date last seen Copy number Price effective from Koha item type
        Central Library, Naharkatiya College Central Library, Naharkatiya College General Stacks 19/09/2020   491.2 | CHA 24025 19/09/2020 1 19/09/2020 Books

Naharkatiya College © 2020. All rights reserved.

Powered By